000 02522nam a2200517 c 4500
001 21962
003 ES-MaCES
005 20150929135823.0
008 090309s2008 sp d o100 | spa d
017 _aM 57484-2008
_bDL
020 _a9788484173168
024 7 _a201-08-136-6
_2nipo
035 _aCES20090002754m
040 _aES-MaCES
_bspa
_cES-MaCES
111 2 _aJornadas de Estudio sobre Negociación Colectiva
_n19º
_d2006
_cSevilla
_91073
245 1 3 _aLa reforma del sistema de negociación colectiva y el análisis de las cláusulas de revisión salarial
_b: XIX y XX Jornadas de Estudio sobre Negociación Colectiva, Sevilla 1 de junio de 2006 [y] La Coruña, 27 de septiembre de 2007
_cedición preparada por la Comisión Consultiva Nacional de Convenios Colectivos
260 _aMadrid
_bMinisterio de Trabajo e Inmigración, Subdirección General de Información Administrativa y Publicaciones
_c[2008]
300 _a391 p.
_bgráf. bl. y n.
_c22 cm
490 1 _aColección Informes y estudios. Serie Relaciones laborales
_v87
500 _aIncluye (p. 187-391): La negociación colectiva en los años 2005, 2006 y 2007 ; Memoria de actividades 2005 y 2006 de la CCNCC
541 _cGratuito
610 1 4 _aComisión Consultiva Nacional de Convenios Colectivos (España)
_92011
650 4 _anegociación colectiva
_928362
650 4 _asalario
_928387
650 4 _ainflación
_928097
650 4 _aacuerdo económico
_927961
650 4 _areforma legislativa
_929892
650 4 _aEspaña
_926964
650 4 _a2005-2007
_931858
650 4 _ainforme de actividades
_928984
650 4 _amemoria anual
_928977
650 4 _a2005-2006
_931839
650 4 _aconferencia
_927013
653 1 0 _aRelaciones laborales-Empleo
650 4 _928369
_arelaciones laborales
650 4 _930664
_aconcertación social
710 1 _aComisión Consultiva Nacional de Convenios Colectivos (España)
_ecol.
_92011
710 1 _aEspaña
_bMinisterio de Trabajo e Inmigración
_eed.
_93272
711 2 _aJornadas de Estudio sobre Negociación Colectiva
_n20º
_d2007
_cLa Coruña
_91074
740 3 2 _aLa negociación colectiva en España en 2005, 2006 y 2007
740 0 2 _aMemoria de actividades 2005 y 2006 / Conmisión Consultiva Nacional de Convenios Colectivos
830 0 _aColección Informes y estudios (España. Ministerio de Trabajo e Inmigración)
_pSerie Relaciones laborales
_v87
_934424
902 _aLIB Libro
942 _2CES
_cBK
_h2.0.
999 _c21962
_d21962